Estrategias para reducir la pobreza en América Latina y el Caribe: un estudio del proyecto "Mitigación de la Pobreza y Desarrollo Social" del Programa de las Naciones Unidas para el Desarrollo /

Zapisane w:
Opis bibliograficzny
1. autor: Zevallos, José Vicente
Format: Nieznany
Wydane: Quito: PNUD
Hasła przedmiotowe:
Etykiety: Dodaj etykietę
Nie ma etykietki, Dołącz pierwszą etykiete!

MARC

LEADER 00000 a2200000 04500
001 10826
003
008 991231s d
040
090 |a 137402  
100 |a Zevallos, José Vicente  
245 |a Estrategias para reducir la pobreza en América Latina y el Caribe: un estudio del proyecto "Mitigación de la Pobreza y Desarrollo Social" del Programa de las Naciones Unidas para el Desarrollo /  |c José Vicente Zevallos  
260 |a Quito:   |b PNUD  
300 |a xii, 468 p.  
650 |a DESARROLLO SOCIAL  
650 |a POBREZA  
650 |a POLITICAS GUBERNAMENTALES  
650 |a CRECIMIENTO ECONOMICO  
650 |a EMPLEO  
650 |a MANO DE OBRA  
650 |a EMPLEO  
650 |a POBLACION  
650 |a CRISIS  
650 |a AJUSTE ESTRUCTURAL  
650 |a MERCADO  
650 |a SECTORES DE LA ECONOMIA  
650 |a POLITICA SOCIAL  
650 |a IMPUESTOS  
650 |a EDUCACION  
999 |c 13690  |d 13690